000 01384nam a22003857a 4500
008 170902s2002 cr||||| |||| 00| 0 spa d
020 _a9968899054
082 0 4 _a708
_bC581c
100 1 _aDíaz, Tamara (curadora)
_92583
245 1 0 _aCiudad (in)visible /
_cAdrián Arguedas, Ricardo Ávila, Carlos Capelán, Sila Chanto, Marco Chia, Habacuc, Federico Herrero, Roberto Lizano, Guillermo Murillo, Alejandro Ramírez, Omar Rivillas, Roberto Vargas, Ana de Vicente y Fabián Zuñiga ; TEOR/ética.
250 _a1a edición.
260 _aSan José, Costa Rica
_bTEOR/éTica
_c2002
300 _a24 p
_bill (col)
653 1 0 _aArte contemporáneo
653 1 0 _aUrbanismo - Artes visuales
653 1 0 _aArte - Costa Rica
653 1 0 _aArte - San José
653 1 0 _aArtistas costarricenses
653 1 0 _aFotografía
653 1 0 _aPintura
653 1 0 _aImaginario social - Ciudades
700 1 _aÁvila, Ricardo.
_95734
700 1 _aCapelán, Carlos.
_95943
700 1 _aChanto, Sila.
_93621
700 1 _aChia, Marco.
_95944
700 1 _aHabacuc.
_95945
700 1 _aHerrero, Federico.
_93626
700 1 _aMurillo, Guillermo.
_95946
700 1 _aRamírez, Alejandro.
_93622
700 1 _aRivillas, Omar.
_95947
700 1 _aVargas, Roberto.
_93623
700 1 _aVicente, Ana de.
_93627
700 1 _aZuñiga, Fabián.
_95948
710 1 _aTEOR/ética.
_95471
999 _c1267
_d1267